| 000 | 00990nam a22002774i 4500 | ||
|---|---|---|---|
| 999 |
_c7783 _d7783 |
||
| 001 | 991061028831406706 | ||
| 003 | OSt | ||
| 005 | 20231003122419.0 | ||
| 008 | 230920b2023 spc|||||r|||||0|1 0dspa|c | ||
| 017 |
_aDL V-2301-2023 _bOficina DL Valencia |
||
| 020 | _a9788411181761 | ||
| 040 |
_aES-BaUPF _bcat _erda _cCDMR |
||
| 100 | 1 | _aIranzo-Cabrera. Maria, | |
| 245 | 1 | 3 |
_aEl Papus : _b(1973-1987) : contrapoder informativo en la Transición española / _cMaria Iranzo-Cabrera |
| 260 |
_aValència : _bPublicacions de la Universitat de València, _c2023 |
||
| 300 |
_a211 pàgines : _bil·lustracions ; _c24 cm |
||
| 490 | 1 |
_aAldea Global ; _v46 |
|
| 500 | _aApèndix. Bibliografia (pàgina 195-202). Índexs | ||
| 630 | 0 | 7 |
_aPapus (Revista) _xHistòria _2lemac |
| 650 | 7 |
_aPremsa i política _zEspanya _ys. XX. _xHistòria _2lemac |
|
| 650 | 0 |
_aHumorisme gràfic _zEspanya _ys. XX. _xHistòria _93162 |
|
| 830 | 0 |
_aAldea global ; _v46 |
|
| 908 | _aUPF | ||
| 940 | _aUPF | ||
| 942 |
_2udc _cMON |
||